literature featuring cities - Statistics

General Stats
  • This quiz has been taken 23 times
  • The average score is 11 of 15
Answer Stats
title type author year city % Correct
Les Misérables novel Victor Hugo 1862 Paris
100%
The Master and Margarita novel Mikhail Bulgakov 1967 Moscow
95%
Mrs. Dalloway novel Virginia Woolf 1925 London
90%
The Catcher in the Rye novel J. D. Salinger 1951 New York City
90%
Ulysses novel James Joyce 1922 Dublin
86%
Romeo and Juliet play William Shakespeare 1597 Verona
86%
Notes from Underground novella Fyodor Dostoevsky 1864 Saint Petersburg
81%
The Iliad epic poem Homer ~760 BCE Troy
76%
The Jungle novel Upton Sinclair 1905 Chicago
71%
Gone With the Wind novel Margaret Mitchell 1936 Atlanta
62%
The Crucible play Arthur Miller 1953 Salem
62%
Midnight's Children novel Salman Rushdie 1981 Mumbai
52%
A Streetcar Named Desire play Tennessee Williams 1947 New Orleans
52%
The Unbearable Lightness of Being novel Milan Kundera 1984 Prague
43%
Slaughterhouse-Five novel Kurt Vonnegut, Jr. 1969 Dresden
33%
No matching quizzes found
Score Distribution
Percent of People with Each Score
Percentile by Number Answered
Your Score History
You have not taken this quiz